| 000 | 01108nam0a22002771 4500 | ||
|---|---|---|---|
| 001 | v19\rc\1643063 | ||
| 005 | 20250619000707.0 | ||
| 035 | _a(NLR Aleph) 004755942 | ||
| 090 |
_a4559626 _c4559626 |
||
| 100 | _a20061002d1886 |||y0rusy50 ca | ||
| 101 | 0 | _arus | |
| 102 | _aRU | ||
| 105 | _ac z ||||| | ||
| 200 | 1 |
_aСлово крестьянина _e[По поводу 19 февр. 1861 г.] _f[Соч.] Дмитрия Иванова, крестьянина-собственника Пск. уезда, Заборов. волости, д. Запожинья |
|
| 210 |
_aСанкт-Петербург _cтип. М.М. Стасюлевича _d1886 |
||
| 215 | _a48 с., 1 л. фронт. (портр.) | ||
| 700 | 1 |
_7ca _8rus _aИванов _bД. И. _cагроном, земский деятель _f1837-1916 _gДмитрий Иванович _9231920 _3RU\NLR\AUTH\770231976 |
|
| 801 | 0 |
_aRU _bNLR _gpsbo |
|
| 801 | 0 |
_aRU _bRuMoRGB _2psbo |
|
| 801 | 1 |
_aRU _bProSoft-M _2rusmarc |
|
| 852 |
_aNLR _j18.209.1.82 |
||
| 899 | _aБАН | ||
| 899 | _aНБ СПбГУ | ||
| 899 | _aГПИБ | ||
| 942 | _cBOOK | ||
| 980 | _aNB | ||